00778nam a22001937a 450000500170000001000150001702000270003203500140005903700090007308200080008210000380009024501230012826000580025127000580030930000260036794200220039399900190041595201500043420250108114607.0 aENG-143260 a9789357600149c2500.00 aEN-126792 bDBAD a610 aDevsharmman, Chanchal Roy 976075 aText Book of Kriya Yog: bThe Cosmic Engineering of Life in the Light of Medical Science/cBy Chanchal Roy Devsharmman aDelhibMotilal Banarsidass Publishers PVT. LTD.c2024 a41U.A., Bungalow Road, Jawahar Nagar, bDelhie110007 axviii,825p.c25cm(pb) 2ddccENmDEVh610 c208190d208190 001040708NFICaAVbAVd2025-01-08eDelivery of Books Divisiong2500.00l0oDEV 610pEN-126792r2025-01-08 00:00:00t1v2500.00w2025-01-08yEN